Zamestnanosť a profesijné zmeny v odvetví poľnohospodárstva

V ekonomických odvetviach sa znižovanie zamestnanosti v MP SR stále drží na prvom mieste. Vývoj agrárnej nezamestnanosti za roky 1993-1999. Podiel jednotlivých právnych foriem na celkovej zamestnanosti v roku 1999. Nárast nelegálnych prác. Priemerné mzdy v rezorte.

Guardado en:
Detalles Bibliográficos
Autor principal: Buchta, Stanislav
Formato: Capítulo de libro
Lenguaje:eslovaco
Materias:
Etiquetas: Agregar Etiqueta
Sin Etiquetas, Sea el primero en etiquetar este registro!

MARC

LEADER 00000naa a2200000 4500
001 r040331
005 20230824105941.2
041 0 |a slo 
044 |a SK 
245 1 0 |a Zamestnanosť a profesijné zmeny v odvetví poľnohospodárstva  |c Stanislav Buchta 
520 |a V ekonomických odvetviach sa znižovanie zamestnanosti v MP SR stále drží na prvom mieste. Vývoj agrárnej nezamestnanosti za roky 1993-1999. Podiel jednotlivých právnych foriem na celkovej zamestnanosti v roku 1999. Nárast nelegálnych prác. Priemerné mzdy v rezorte. 
610 2 0 |a trh práce 
610 2 0 |a poľnohospodárstvo 
610 2 0 |a miera nezamestnanosti 
610 2 0 |a práca nelegálna 
610 2 0 |a mzdy priemerné 
610 2 0 |a Slovensko 
100 1 |a Buchta, Stanislav